The House Of Blue Mangoes (Record no. 172177)
[ view plain ]
| 000 -LEADER | |
|---|---|
| fixed length control field | 00615nam a22002177a 4500 |
| 003 - CONTROL NUMBER IDENTIFIER | |
| control field | dpl |
| 005 - DATE AND TIME OF LATEST TRANSACTION | |
| control field | 20200128154609.0 |
| 008 - FIXED-LENGTH DATA ELEMENTS--GENERAL INFORMATION | |
| fixed length control field | 200128b ||||| |||| 00| 0 eng d |
| 010 ## - LIBRARY OF CONGRESS CONTROL NUMBER | |
| LC control number | B-214980 |
| 020 ## - INTERNATIONAL STANDARD BOOK NUMBER | |
| International Standard Book Number | 0143029347 |
| Terms of availability | 425.00 |
| 035 ## - SYSTEM CONTROL NUMBER | |
| System control number | B-214980 |
| 040 ## - CATALOGING SOURCE | |
| Transcribing agency | 0 |
| 050 ## - LIBRARY OF CONGRESS CALL NUMBER | |
| Classification number | N |
| Item number | DAV |
| 082 ## - DEWEY DECIMAL CLASSIFICATION NUMBER | |
| Classification number | N |
| Item number | DAV |
| 100 ## - MAIN ENTRY--PERSONAL NAME | |
| Personal name | Davidar, david |
| 245 ## - TITLE STATEMENT | |
| Title | The House Of Blue Mangoes |
| Statement of responsibility, etc | David Davidar |
| Medium | EN |
| 260 ## - PUBLICATION, DISTRIBUTION, ETC. (IMPRINT) | |
| Place of publication, distribution, etc | New Delhi |
| Name of publisher, distributor, etc | Penguin Books India Pvt. Ltd. |
| Date of publication, distribution, etc | 2002 |
| 270 ## - ADDRESS | |
| Address | 11 community Centre, Panchsheel park |
| City | New Delhi |
| Country | India |
| Postal code | 110017 |
| 300 ## - PHYSICAL DESCRIPTION | |
| Extent | 421p. |
| Dimensions | 19cms. |
| 942 ## - ADDED ENTRY ELEMENTS (KOHA) | |
| Source of classification or shelving scheme | Dewey Decimal Classification |
| Koha item type | English Books |
| Classification part | N |
| Item part | DAV |
| Call number prefix | N |
| Call number suffix | DAV |
| Withdrawn status | Lost status | Source of classification or shelving scheme | Damaged status | Not for loan | Collection code | Home library | Current library | Date acquired | Source of acquisition | Cost, normal purchase price | Total Checkouts | Full call number | Barcode | Date last seen | Date checked out | Cost, replacement price | Price effective from | Koha item type |
|---|---|---|---|---|---|---|---|---|---|---|---|---|---|---|---|---|---|---|
| Dewey Decimal Classification | Fiction | Shahdara Branch | Shahdara Branch | 28/01/2020 | BPPD/PUB | 425.00 | 1 | N DAV | B-214980 | 05/06/2026 | 05/06/2026 | 425.00 | 28/01/2020 | English Books |
